Statistics for Castlevania Symphony of the Night Bosses

Click here to take the quiz!

General Stats

  • This quiz has been taken 63 times
  • The average score is 15 of 29

Answer Stats

CastleAnswer% Correct
PrologueDracula
100%
InvertedTrue Dracula
100%
RegularRichter Belmont
77%
RegularGranfaloon
66%
InvertedShaft
61%
InvertedFake Trevor
57%
RegularOlrox
57%
InvertedThe Creature
57%
RegularSlogra
55%
RegularWerewolf
55%
InvertedDarkwing Bat
52%
RegularGaibon
52%
InvertedMedusa
52%
RegularMinotaur
50%
InvertedBeelzebub
48%
InvertedGalamoth
48%
RegularSuccubus
48%
RegularDoppleganger Lv. 10
45%
InvertedDoppleganger Lv. 40
45%
InvertedFake Sypha
45%
RegularScylla
45%
InvertedFake Grant
43%
Saturn VersionMaria Renard
39%
RegularHippoGryph
36%
InvertedAkmodan II
34%
RegularKarasuman
34%
RegularLesser Demon
34%
RegularCerberus
30%
Saturn VersionSkeleton Leader
7%

Score Distribution

Percentile by Number Answered

Percent of People with Each Score

Your Score History

You have not taken this quiz